Регионална библиотека "Любен Каравелов" - Русе

Вашето дете рисува (Запис номер 115361)

MARC детайли
000 -Лидер
Контролно поле с фиксирана дължина 01553nam a2200361 c 4500
003 - Код на организацията, давaща контролен номер
Контролно поле BLK
005 - Дата и час на последна редакция
Контролно поле 20180420231046.0
008 - Елементи от данни с фиксирана дължина
fixed length control field 180409b bul|||||r ||||||| ||bul||
010 ## - Наследен системен номер
LC control number KNG00120842000
040 ## - Източник на каталожния запис
Идентификатор на билиотеката - собственик на записа BLK
041 ## - Код за език
Код за езика на текст/звукозапис или на отделно заглавие Български
Код за езика КДБФ Български
080 ## - УДК
Текстов определител УДК Живопис
УДК код - определител по УДК 75
УДК определител -053.2
УДК - код + определител 75-053.2
100 1# - Редна дума - Автор
Автор Левин, Соломон Давидович
Авторска отговорност първи автор
R(LIN) 314079
139 ## - Редно поле
Редна дума Левин, Соломон Давидович
Авторски знак Лев - Л 35
245 10 - Сведения за заглавието
Заглавие Вашето дете рисува
Подзаглавни данни Изследване
Редно поле (дума) Соломон Давидович Левин; прев. от рус. Елеонора Тодорова.
257 ## - Страна на издаване
Страна на създаване/издаване Русия
260 ## - Област на издателските данни
-- София
Име на издателя, разпространителя и проч. Бълг. художник
Година на издаване 1984
300 ## - Физическа характеристика
Страници 152 с., 40 л.
Илюстрации и др. ил.
Размери/Мащаб 19 см
380 ## - Жанр
Жанр Изкуство
490 1# - СЕРИИ (Колекции)
Име на серия Научнопопулярна серия Изкуството и ние
500 ## - Общи забележки
Забележка Ориг. загл. Ваш ребенок рисует / Соломон Давидович Левин.
650 #4 - Допълнително описание по предмет – тема
Основно описание – тема или топоним Живопис
9 (RLIN) 155358
650 #4 - Допълнително описание по предмет – тема
Основно описание – тема или топоним Рисуване - детски градини - методика на преподаване
9 (RLIN) 314080
650 #4 - Допълнително описание по предмет – тема
Основно описание – тема или топоним Рисуване - техника и майсторство
9 (RLIN) 271714
653 ## - Ключова дума – ненормативна
Ключова дума рисуване
653 ## - Ключова дума – ненормативна
Ключова дума деца
700 1# - Други автори (авторска отговорност)
Лично име Тодорова, Елеонора
Автороска отговорност (Описва отношението между автора и произведението) прев. от рус.
9 (RLIN) 255839
852 ## - Местоположение
Форматна сигнатура Цб 130203
856 4# - Електронен адрес и достъп
Електронен формат pdf - файл
Път до файла /url/
856 4# - Електронен адрес и достъп
Електронен формат pdf - файл
Път до файла /url/
942 ## - АРТИКУЛИ
Вид на библиотечния материал Книги
Скрит в OPAC Не
Koha issues (borrowed), all copies 2
944 ## - СЪЗДАВАНЕ И РЕДАКЦИЯ на ЗАПИСА
Създаване/Редакция Създаване
Дата на регистрацията/редакция 17.01.2011
Статус, дата на статуса добави в АБ / 14.01.2011
Служител, извършил регистрацията/редакцията Ирена_Линкова
944 ## - СЪЗДАВАНЕ И РЕДАКЦИЯ на ЗАПИСА
Създаване/Редакция Редакция
Дата на регистрацията/редакция 09.04.2013
Статус, дата на статуса добави в АБ / 14.01.2011
Служител, извършил регистрацията/редакцията
999 ## - СИСТЕМНИ КОНТРОЛНИ НОМЕРА
Koha biblionumber 115361
Koha biblioitemnumber 115361
Наличности
Код за отписване Код за изгубен артикул Източник на класификационната схема Код за повреда Коз за рестрикции Код за отдаване Артикулен № Име на библиотеката - собственик Име на библиотеката, в която се намира в момента Статус (Текущо местоположение) Дата на вписване в системата Местоположение - отдел Цена в лева Инвентарен номер Систематично азбучна сигнатура Баркод Номер на екземпляра Цена в евро Служебна бележка Служебен тип на артикула
Изтеглен Не е изгубен Universal Decimal Classification Не е повреден без рестрикции заемане за дома 185281 Регионална библиотека "Любен Каравелов" Русе Регионална библиотека "Любен Каравелов" Русе Отдел Изкуство - подръчен фонд 1984-01-01 Отдел Изкуство - подръчен фонд 1.55 418426 75/Л 35 418426 1 0.79 N: стар фонд Дата: 01.01.1984 Дата инв: 07.06.2012 Бележки инв: * Книги
  Не е изгубен Universal Decimal Classification Не е повреден само за читалня ползва се в читалня 185282 Регионална библиотека "Любен Каравелов" Русе Регионална библиотека "Любен Каравелов" Русе Хранилище 1984-01-01 Хранилище 1.55 416323 Цб 130203 900000016661 2 0.79 Дост: Dp Вид: Д N: стар фонд Дата: 01.01.1984 Книги
Изтеглен Не е изгубен Universal Decimal Classification Не е повреден без рестрикции заемане за дома 185283 Регионална библиотека "Любен Каравелов" Русе Регионална библиотека "Любен Каравелов" Русе Отдел Изкуство - подръчен фонд 1984-01-01 Отдел Изкуство - подръчен фонд 1.55 418424 75/Л 35 120000418424 3 0.79 Дост: Pk Вид: Ф N: стар фонд Дата: 01.01.1984 Дата инв: 13.02.2015 Бележки инв: ИП2015 Книги
Изтеглен Не е изгубен Universal Decimal Classification Не е повреден без рестрикции заемане за дома 185284 Регионална библиотека "Любен Каравелов" Русе Регионална библиотека "Любен Каравелов" Русе Отдел Изкуство - подръчен фонд 1984-01-01 Отдел Изкуство - подръчен фонд 1.55 418422 75/Л 35 418422 4 0.79 Дост: Pk Вид: Ф N: стар фонд Дата: 01.01.1984 Дата инв: 13.02.2015 Бележки инв: ИП2015 Книги
Изтеглен Не е изгубен Universal Decimal Classification Не е повреден без рестрикции заемане за дома 185285 Регионална библиотека "Любен Каравелов" Русе Регионална библиотека "Любен Каравелов" Русе Отдел Изкуство - подръчен фонд 1984-01-01 Отдел Изкуство - подръчен фонд 1.55 418425 75/Л 35 418425 5 0.79 Дост: Pk Вид: Ф N: стар фонд Дата: 01.01.1984 Дата инв: 13.02.2015 Бележки инв: ИП2015 Книги
  Не е изгубен Universal Decimal Classification Не е повреден без рестрикции заемане за дома 185286 Регионална библиотека "Любен Каравелов" Русе Регионална библиотека "Любен Каравелов" Русе Отдел Изкуство - подръчен фонд 1984-01-01 Отдел Изкуство - подръчен фонд 0.00 629600 75/Л 35 120000629600 6 0.00 Дост: Pk Вид: Ф N: стар фонд Дата: 01.01.1984 Дата инв: 13.02.2015 Бележки инв: ИП2015 Книги
Изтеглен Не е изгубен Universal Decimal Classification Не е повреден без рестрикции заемане за дома 185287 Регионална библиотека "Любен Каравелов" Русе Регионална библиотека "Любен Каравелов" Русе Детски отдел 1984-01-01 Детски отдел 1.55 418515 ДН 7/Л 35 418515 7 0.79 Дост: Pk Вид: Ф N: стар фонд Дата: 01.01.1984 Дата инв: 25.08.2015 Бележки инв: Д2015 Книги
Изтеглен Не е изгубен Universal Decimal Classification Не е повреден без рестрикции заемане за дома 185288 Регионална библиотека "Любен Каравелов" Русе Регионална библиотека "Любен Каравелов" Русе Детски отдел 1984-01-01 Детски отдел 1.55 418516 ДН 7/Л 35 418516 8 0.79 Дост: Pk Вид: Ф N: стар фонд Дата: 01.01.1984 Дата инв: 02.10.2015 Бележки инв: Д2015 Книги
Vip Innovations Ltd, Rousse, Bulgaria 2025